[Event "It (cat.3)"]
[Site "masterchessopen.com Necochea (Argentina)"]
[Date "2007.02.18"]
[Round "8"]
[White "Tristan Leonardo (ARG)"]
[Black "Garbarino Rodolfo (ARG)"]
[Result "1/2-1/2"]
[WhiteElo "2345"]
[BlackElo "2350"]

1.c4 c5 2.Nc3 Nc6 3.g3 g6 4.Bg2 Bg7 5.Nf3 Nf6 6.O-O O-O 7.d4 d6 8.d5 Na5 9.Nd2
a6 10.a4 Bd7 {#d} 1/2-1/2

[Event "Ch Moldova"]
[Site "masterchessopen.com Chisinau (Moldova)"]
[Date "2007.02.19"]
[Round "3"]
[White "Diulger Alexey (MDA)"]
[Black "Ogleznev Alexandr (MDA)"]
[Result "1/2-1/2"]
[WhiteElo "2385"]
[BlackElo "2262"]

1.Nf3 Nf6 2.g3 g6 3.Bg2 Bg7 4.O-O O-O 5.d4 d6 6.c4 c5 7.Nc3 Nc6 8.d5 Na5 9.Qd3
a6 10.a4 Nb3 11.Ra3 Nxc1 12.Rxc1 Bf5 13.e4 Bd7 14.Re1 Ng4 15.h3 Ne5 16.Nxe5
Bxe5 17.f4 Bd4+ 18.Kh2 e5 19.dxe6 fxe6 20.Ne2 e5 21.Nxd4 cxd4 22.c5 Be6
23.cxd6 Qxd6 24.fxe5 Qxe5 25.Rf1 {#d} 1/2-1/2

[Event "It (open) \"]
[Site "masterchessopen.com Wroclaw (Poland)"]
[Date "2007.05.04"]
[Round "9"]
[White "Kazmierczak Marcin (POL)"]
[Black "Paszek Krzysztof (POL)"]
[Result "1/2-1/2"]
[WhiteElo "2024"]
[BlackElo "2136"]

1.d4 Nf6 2.Nf3 g6 3.g3 Bg7 4.Bg2 O-O 5.O-O d6 6.c4 c5 7.Nc3 Nc6 8.d5 Na5 9.Qd3
a6 10.e4 Rb8 11.Rb1 b5 12.cxb5 axb5 13.b4 cxb4 14.Rxb4 Bd7 15.Be3 Nb7 16.Bd4
Nc5 17.Qe2 Ne8 18.Bxg7 Kxg7 19.Nd4 Nc7 20.Ncxb5 Nxb5 21.Nxb5 Qa5 22.Rfb1 {#d}
1/2-1/2

[Event "It (open)"]
[Site "masterchessopen.com Gerlingen (Germany)"]
[Date "2007.05.19"]
[Round "6"]
[White "Kaplunov Vadym (GER)"]
[Black "Budjav Enkhjargal (GER)"]
[Result "1/2-1/2"]
[WhiteElo "1982"]
[BlackElo "1807"]

1.c4 Nf6 2.g3 c5 3.Nf3 g6 4.Nc3 Nc6 5.Bg2 d6 6.O-O Bg7 7.d4 O-O 8.d5 Nb8 9.a3
Bg4 10.e4 Nbd7 11.h3 Bxf3 12.Bxf3 Ne5 13.Bg2 Nxc4 14.Kh2 Rc8 15.f4 a6 {#d}
1/2-1/2

[Event "Ch World (IPCA)"]
[Site "masterchessopen.com Wisla (Poland)"]
[Date "2007.05.22"]
[Round "8"]
[White "Koszela Stanislaw (POL)"]
[Black "Szamrej Jozef (POL)"]
[Result "1/2-1/2"]
[WhiteElo "1937"]
[BlackElo "1841"]

1.Nf3 Nf6 2.g3 g6 3.Bg2 Bg7 4.O-O O-O 5.c4 c5 6.Nc3 Nc6 7.d4 d6 8.d5 Nb4 9.e4
Ne8 10.Re1 f5 11.a3 Na6 12.e5 {#d} 1/2-1/2

[Event "It (open)"]
[Site "masterchessopen.com Stare Mesto (Czech Republic)"]
[Date "2007.08.12"]
[Round "3"]
[White "Uricar Zdenek (CZE)"]
[Black "Travnicek Petr (CZE)"]
[Result "1/2-1/2"]
[WhiteElo "2021"]
[BlackElo "2161"]

1.d4 Nf6 2.c4 g6 3.Nc3 Bg7 4.g3 O-O 5.Bg2 d6 6.Nf3 c5 7.O-O Nc6 8.d5 Na5 9.Qd3
a6 10.Rb1 Rb8 11.b4 cxb4 12.Rxb4 {#d} 1/2-1/2

[Event "It (open)"]
[Site "masterchessopen.com Piestany (Slovakia)"]
[Date "2007.11.15"]
[Round "2"]
[White "Cambel Vladimir (SVK)"]
[Black "Silhavy Miroslav (CZE)"]
[Result "1-0"]
[WhiteElo "2050"]
[BlackElo "1792"]

1.c4 Nf6 2.d4 g6 3.g3 Bg7 4.Bg2 d6 5.Nc3 O-O 6.Nf3 c5 7.O-O Nc6 8.d5 Na5 9.Qd3
a6 10.Nd2 Rb8 11.b3 b6 12.b4 Nb7 13.Rb1 Nd7 14.f4 f5 15.Nf3 h6 16.Nh4 Kh7
17.e4 Nf6 18.exf5 gxf5 19.Nxf5 Rg8 20.Nh4+ {#r} 1-0

[Event "Czech League 2007/08 (krajsky prebor)"]
[Site "masterchessopen.com Czech Republic"]
[Date "2007.12.09"]
[Round "0"]
[White "Majer-Sen Jiri (CZE)"]
[Black "Zabensky Jaroslav (CZE)"]
[Result "1-0"]
[WhiteElo "2072"]
[BlackElo "2055"]

1.d4 Nf6 2.Nf3 g6 3.g3 Bg7 4.Bg2 O-O 5.O-O d6 6.c4 c5 7.Nc3 Nc6 8.d5 Nb4 9.a3
Na6 10.e4 e5 11.dxe6 fxe6 12.e5 dxe5 13.Nxe5 Qe7 14.Qe2 Nc7 15.Bg5 Rd8 16.h4
Qf8 17.Rad1 Rxd1 18.Rxd1 Bh6 19.Qe3 Bxg5 20.Qxg5 Rb8 21.Ne4 Kg7 22.h5 Nxh5
23.Rd8 Ne8 24.Ng4 Qf7 25.Qe5+ {#r} 1-0

[Event "Czech League 2007/08 (2nd) (d)"]
[Site "masterchessopen.com Czech Republic"]
[Date "2008.02.03"]
[Round "7"]
[White "Mlynek Petr (CZE)"]
[Black "Kourek Josef (CZE)"]
[Result "1/2-1/2"]
[WhiteElo "2218"]
[BlackElo "2131"]

1.d4 Nf6 2.c4 g6 3.Nf3 Bg7 4.g3 O-O 5.Bg2 d6 6.O-O c5 7.Nc3 Nc6 8.d5 Na5 9.Nd2
a6 10.Qc2 Rb8 11.b3 b5 12.Bb2 Bh6 13.f4 bxc4 14.bxc4 Bg7 15.Rab1 Bd7 16.h3 Qc7
17.Ba1 Rb4 18.a3 Rxb1 19.Rxb1 Rb8 20.Rxb8+ Qxb8 21.Qb2 Qxb2 22.Bxb2 Nh5 23.Kf2
Kf8 {#d} 1/2-1/2

[Event "Ch City"]
[Site "masterchessopen.com Novosibirsk (Russia)"]
[Date "2008.02.29"]
[Round "7"]
[White "Dzhumagaliev Yan (RUS)"]
[Black "Tsygankov Dmitry (RUS)"]
[Result "1-0"]
[WhiteElo "2303"]
[BlackElo "2068"]

1.Nf3 c5 2.g3 Nc6 3.Bg2 g6 4.O-O Bg7 5.c4 d6 6.Nc3 Nf6 7.d4 O-O 8.d5 Na5 9.Qd3
a6 10.e4 Rb8 11.Nd2 e5 12.a3 b5 13.cxb5 axb5 14.b4 cxb4 15.axb4 Nc4 16.Nxc4
bxc4 17.Qxc4 Qb6 18.b5 Bd7 19.Be3 {#r} 1-0

[Event "Czech League 2007/08 (2nd) (b)"]
[Site "masterchessopen.com Czech Republic"]
[Date "2008.04.06"]
[Round "11"]
[White "Kovar Petr (CZE)"]
[Black "Kozlovsky Libor (CZE)"]
[Result "1/2-1/2"]
[WhiteElo "2063"]
[BlackElo "2031"]

1.c4 Nf6 2.Nc3 g6 3.g3 Bg7 4.Bg2 O-O 5.Nf3 d6 6.O-O c5 7.d4 Nc6 8.d5 Nb8 9.e4
Nbd7 10.Bg5 h6 11.Bd2 Kh7 12.Rc1 {#d} 1/2-1/2

[Event "Ch Ukraine (1/2 final)"]
[Site "masterchessopen.com Alushta (Ukraine)"]
[Date "2008.05.12"]
[Round "2"]
[White "Muhtarov Leonid (UKR)"]
[Black "Abbakumov Yegor (UKR)"]
[Result "1-0"]
[WhiteElo "2152"]
[BlackElo "1968"]

1.Nf3 Nf6 2.g3 g6 3.Bg2 Bg7 4.O-O O-O 5.c4 d6 6.d4 c5 7.Nc3 Nc6 8.d5 Na5 9.Nd2
a6 10.Qc2 Rb8 11.b3 e6 12.Bb2 b5 13.Rae1 bxc4 14.bxc4 Ng4 15.h3 Ne5 16.Nd1
exd5 17.cxd5 c4 18.Bc3 Qb6 19.Kh1 f5 20.f4 Nd7 21.Bxg7 Kxg7 22.e4 fxe4 23.Qc3+
Kg8 24.Nxe4 Rb7 25.Ne3 Qb2 26.Qxa5 {#r} 1-0

[Event "It (open)"]
[Site "masterchessopen.com Chotowa (Poland)"]
[Date "2008.05.27"]
[Round "3"]
[White "Wojcieszyn Zdzislaw (POL)"]
[Black "Mettel Werner (POL)"]
[Result "1-0"]
[WhiteElo "2088"]
[BlackElo "1963"]

1.c4 c5 2.Nc3 Nf6 3.g3 g6 4.Bg2 Bg7 5.Nf3 Nc6 6.O-O O-O 7.d4 d6 8.d5 Nb8 9.Re1
Nbd7 10.Rb1 Nb6 11.Qd3 Bg4 12.b3 Nfd7 13.Bb2 Bxf3 14.exf3 Re8 15.f4 Nf6 16.Re2
Qd7 17.Rbe1 {#r} 1-0

[Event "It \"]
[Site "masterchessopen.com Alushta (Ukraine)"]
[Round "8"]
[White "Shvyrjov Igor (EST)"]
[Black "Shtyrenkov Veniamen (RUS)"]
[Result "1/2-1/2"]
[WhiteElo "2440"]
[BlackElo "2392"]

1.Nf3 Nf6 2.g3 g6 3.Bg2 Bg7 4.O-O O-O 5.c4 c5 6.d4 Nc6 7.Nc3 d6 8.d5 Na5 9.Nd2
Rb8 10.Qc2 a6 11.b3 b5 12.Bb2 bxc4 13.bxc4 Bh6 14.f4 e5 15.dxe6 Bxe6 16.Nd5
Bxd5 17.cxd5 Rxb2 {#d} 1/2-1/2

[Event "Ch Region (open)"]
[Site "masterchessopen.com Nizhnij Novgorod (Russia)"]
[Round "0"]
[White "Tarasov Valery (RUS)"]
[Black "Alenin Dmitry (RUS)"]
[Result "0-1"]
[WhiteElo "1938"]
[BlackElo "2079"]

1.Nf3 g6 2.d4 Bg7 3.c4 d6 4.Nc3 Nf6 5.g3 O-O 6.Bg2 c5 7.O-O Nc6 8.d5 Na5 9.Nd2
a6 10.Qc2 Rb8 11.a4 Bd7 12.e4 b5 13.axb5 axb5 14.b3 b4 15.Ne2 Nxe4 16.Rb1 Nc3
17.Nxc3 bxc3 18.Ne4 Rxb3 19.Rxb3 Ba4 20.Nxc3 Bxb3 21.Qd2 Bxc4 22.Re1 Nb3
23.Qe3 Bd4 24.Qf3 Qa5 25.Bb2 Nd2 {#R} 0-1

[Event "Ch France (team) (nat.2) 2008/09"]
[Site "masterchessopen.com France"]
[Date "2008.11.23"]
[Round "3"]
[White "Holcman Jeremy (FRA)"]
[Black "Goasdoue Vincent (FRA)"]
[Result "1/2-1/2"]
[WhiteElo "2102"]
[BlackElo "2141"]

1.d4 Nf6 2.Nf3 g6 3.c4 Bg7 4.g3 O-O 5.Bg2 d6 6.O-O c5 7.Nc3 Nc6 8.d5 Na5 9.Nd2
a6 10.a3 Qc7 11.Rb1 Rb8 12.Qc2 Bh6 13.Nce4 Nxe4 14.Nxe4 Bg7 15.b4 cxb4 16.Rxb4
b5 17.c5 dxc5 18.Bf4 Be5 19.Bxe5 Qxe5 20.Qxc5 Rb7 21.d6 Qxc5 22.Nxc5 Ra7 {#d}
1/2-1/2

[Event "Czech League 2008/09 (krajsky prebor)"]
[Site "masterchessopen.com Czech Republic"]
[Date "2008.11.30"]
[Round "4"]
[White "Kolar Jaroslav"]
[Black "Pilch Roman"]
[Result "0-1"]
[WhiteElo "2002"]
[BlackElo "2004"]

1.c4 Nf6 2.Nc3 c5 3.Nf3 g6 4.g3 Bg7 5.Bg2 O-O 6.O-O Nc6 7.d4 d6 8.d5 Na5 9.Qd3
a6 10.Rb1 b5 11.cxb5 axb5 12.Qxb5 Bf5 {#R} 0-1

[Event "Memorial P.Dubinin (open)"]
[Site "masterchessopen.com Nizhnij Novgorod (Russia)"]
[Date "2009.01.06"]
[Round "0"]
[White "Kruchinin Anatoly V (RUS)"]
[Black "Gorishniy Yuri (RUS)"]
[Result "0-1"]
[WhiteElo "1799"]
[BlackElo "2080"]

1.Nf3 Nf6 2.c4 g6 3.g3 Bg7 4.Bg2 O-O 5.O-O d6 6.d4 c5 7.Nc3 Nc6 8.d5 Na5 9.Nd2
a6 10.a4 Bh6 11.f4 Ng4 12.Rf3 Bg7 13.e3 e5 14.Ne2 f5 15.fxe5 Nxe5 16.Rf1 Naxc4
{#R} 0-1

[Event "Czech League 2008/09 (krajsky prebor)"]
[Site "masterchessopen.com Czech Republic"]
[Date "2009.02.01"]
[Round "7"]
[White "Svoboda Rostislav (CZE)"]
[Black "Bacak Petr st"]
[Result "1/2-1/2"]
[WhiteElo "2018"]
[BlackElo "2039"]

1.d4 Nf6 2.c4 g6 3.Nc3 Bg7 4.g3 O-O 5.Bg2 d6 6.Nf3 c5 7.O-O Nc6 8.d5 Na5 9.Qd3
a6 10.e4 Nd7 11.Be3 b5 12.cxb5 axb5 13.Nxb5 Ba6 14.a4 Rb8 15.Rab1 Bxb5 16.axb5
c4 17.Qd2 Rxb5 18.Nd4 Nb3 19.Qd1 Nxd4 20.Bxd4 Bxd4 21.Qxd4 Qb6 22.Qxc4 Ne5
23.Qe2 Rb8 24.Rfc1 {#d} 1/2-1/2

[Event "Ch Colombia (juniors) (under 16)"]
[Site "masterchessopen.com Cali (Colombia)"]
[Date "2009.05.21"]
[Round "1"]
[White "Martinez Martin (COL)"]
[Black "Dominguez Oscar (COL)"]
[Result "1-0"]
[WhiteElo "2135"]
[BlackElo "1755"]

1.Nf3 Nf6 2.g3 g6 3.Bg2 Bg7 4.O-O O-O 5.d4 d6 6.c4 c5 7.Nc3 Nc6 8.d5 Na5 9.Nd2
a6 10.a3 Qc7 11.e4 Rb8 12.Qe2 Nd7 13.f4 b5 14.cxb5 axb5 15.Nxb5 Qb6 16.a4 Ba6
17.Nc4 Nxc4 18.Qxc4 Bxb5 19.axb5 Qxb5 20.Qxb5 Rxb5 21.Ra7 Rd8 22.e5 dxe5 23.d6
exd6 24.Bc6 Rb6 25.Bxd7 {#r} 1-0

[Event "Cup Independence (open)"]
[Site "masterchessopen.com Kiev (Ukraine)"]
[Date "2009.08.23"]
[Round "11"]
[White "Omelja Artem (UKR)"]
[Black "Julin Alexei (UKR)"]
[Result "1-0"]
[WhiteElo "2225"]
[BlackElo "2220"]

1.Nf3 c5 2.c4 Nc6 3.Nc3 Nf6 4.g3 g6 5.Bg2 Bg7 6.O-O O-O 7.d4 d6 8.d5 Ne5 9.Nd2
e6 10.h3 exd5 11.cxd5 g5 12.Nde4 h6 13.Nxf6+ Bxf6 14.Ne4 Bg7 15.f4 gxf4
16.gxf4 Nc4 17.f5 Bd4+ 18.Kh1 Re8 19.Qd3 Nxb2 20.Qg3+ Kh7 21.Qf4 Rh8 22.f6 Qf8
23.Ng5+ Kg8 24.Ne6 Bxe6 25.Qg3+ {#r} 1-0

[Event "It (open)"]
[Site "masterchessopen.com Prague (Czech Republic)"]
[Date "2010.01.09"]
[Round "2"]
[White "Volodin Viktor (RUS)"]
[Black "Marholev Dimitar (BUL)"]
[Result "1/2-1/2"]
[WhiteElo "2219"]
[BlackElo "2407"]

1.Nf3 Nf6 2.c4 g6 3.d4 Bg7 4.g3 c5 5.Bg2 O-O 6.O-O d6 7.Nc3 Nc6 8.d5 Na5 9.Nd2
a6 10.Rb1 Rb8 11.Qc2 {#d} 1/2-1/2

[Event "Ch Croatia"]
[Site "masterchessopen.com Otocac (Croatia)"]
[Date "2010.01.27"]
[Round "10"]
[White "Cvitan Ognjen (CRO)"]
[Black "Jovanovic Zoran (SRB)"]
[Result "1/2-1/2"]
[WhiteElo "2531"]
[BlackElo "2339"]

1.d4 Nf6 2.c4 g6 3.Nc3 Bg7 4.Nf3 O-O 5.g3 d6 6.Bg2 c5 7.O-O Nc6 8.d5 Na5 9.Nd2
a6 10.Qc2 Rb8 11.b3 b5 12.Rb1 {#d} 1/2-1/2

[Event "Ch Europe (team) (juniors) (under 18) (g)"]
[Site "masterchessopen.com Pardubice (Czech Republic)"]
[Date "2010.07.21"]
[Round "7"]
[White "Anusca Madalina-Maria (ROM)"]
[Black "Schulz Anja (GER)"]
[Result "0-1"]
[WhiteElo "2009"]
[BlackElo "1819"]

1.d4 Nf6 2.Nf3 g6 3.g3 Bg7 4.Bg2 O-O 5.O-O d6 6.c4 c5 7.Nc3 Nc6 8.d5 Na5 9.Qd3
a6 10.e4 Rb8 11.a4 Qb6 12.Nd2 Ng4 13.Qc2 f5 14.b3 fxe4 15.Bxe4 Bd4 16.Bb2 Nxf2
17.Bxg6 Nd1+ 18.Kg2 Ne3+ 19.Kh1 Nxc2 {#R} 0-1

[Event "It (open)"]
[Site "masterchessopen.com Iasi (Romania)"]
[Date "2010.08.20"]
[Round "3"]
[White "Drenchev Petar (BUL)"]
[Black "Bargan Sergei (MDA)"]
[Result "1/2-1/2"]
[WhiteElo "2514"]
[BlackElo "2331"]

1.Nf3 c5 2.c4 Nf6 3.Nc3 Nc6 4.g3 g6 5.Bg2 Bg7 6.O-O O-O 7.d4 d6 8.d5 Na5 9.Nd2
a6 10.Qc2 b5 11.cxb5 axb5 12.Nxb5 Ba6 13.Nc3 Qb6 14.Rb1 Nc4 15.Nxc4 Bxc4 16.b3
Ba6 17.h3 Rfb8 18.Rd1 Qa5 19.Bd2 Qa3 20.Bc1 Qa5 21.Bd2 Qa3 22.Rdc1 Qa5 {#d}
1/2-1/2

[Event "Memorial Rene Basarrate (cat.7)"]
[Site "masterchessopen.com Habana (Cuba)"]
[Date "2010.09.14"]
[Round "8"]
[White "Hevia Alejano Carlos Antonio (CUB)"]
[Black "Morales Pedro (CUB)"]
[Result "1-0"]
[WhiteElo "2481"]
[BlackElo "2390"]

1.d4 Nf6 2.Nf3 g6 3.g3 Bg7 4.Bg2 c5 5.c4 O-O 6.O-O d6 7.Nc3 Nc6 8.d5 Na5 9.Nd2
a6 10.Qc2 Rb8 11.a3 Qc7 12.a4 e6 13.Rb1 exd5 14.Nxd5 Nxd5 15.cxd5 Qb6 16.b3
Bf5 17.e4 Bd7 18.Nc4 Nxc4 19.bxc4 Qa5 20.Bf4 Bxa4 21.Qa2 Rfd8 22.Bd2 {#r} 1-0

[Event "It (open)"]
[Site "masterchessopen.com Zdar nad Sazavou (Czech Republic)"]
[Date "2010.09.29"]
[Round "6"]
[White "Lorenc Oldrich (CZE)"]
[Black "Loktiev Ivan (RUS)"]
[Result "0-1"]
[WhiteElo "2077"]
[BlackElo "2234"]

1.Nf3 c5 2.c4 Nf6 3.g3 g6 4.Bg2 Bg7 5.O-O O-O 6.Nc3 Nc6 7.d4 d6 8.d5 Na5 9.Qd3
a6 10.Bd2 Rb8 11.a4 Nb3 12.Ra3 Nxd2 13.Nxd2 e6 14.e4 exd5 15.cxd5 Ng4 16.a5 b5
17.axb6 Rxb6 18.Nc4 Ne5 19.Nxe5 Bxe5 20.b3 Qc7 21.Kh1 Rxb3 22.Rxb3 c4 23.Qb1
cxb3 24.Rc1 Qb6 25.f4 Bg7 26.Qd3 b2 {#R} 0-1

[Event "It (open) \"]
[Site "masterchessopen.com Kislovodsk (Russia)"]
[Date "2010.12.12"]
[Round "2"]
[White "Tarlev Konstantin (UKR)"]
[Black "Mkrtchian Artak (RUS)"]
[Result "1-0"]
[WhiteElo "2474"]
[BlackElo "1764"]

1.Nf3 Nf6 2.g3 g6 3.Bg2 Bg7 4.c4 O-O 5.O-O d6 6.d4 c5 7.Nc3 Nc6 8.d5 Nb8 9.Re1
Nbd7 10.e4 a6 11.a4 b6 12.Bf4 Ng4 13.Nd2 Nge5 14.Qe2 e6 15.Be3 Nf6 16.h3 exd5
17.cxd5 Qc7 18.f4 Ned7 19.Nc4 Ra7 20.e5 Ne8 21.Bf2 f5 22.Rad1 Qb8 23.exd6 Ndf6
24.a5 Nxd6 25.axb6 {#r} 1-0

[Event "Ch Croatia (team) (3rd league)"]
[Site "masterchessopen.com Pula (Croatia)"]
[Date "2011.03.12"]
[Round "1"]
[White "Lazic Dusko (CRO)"]
[Black "Rafaelic Denis"]
[Result "1-0"]
[WhiteElo "2049"]
[BlackElo "1728"]

1.d4 Nf6 2.Nf3 g6 3.c4 Bg7 4.Nc3 O-O 5.g3 d6 6.Bg2 c5 7.O-O Nc6 8.d5 Nb4 9.a3
Na6 10.h3 Re8 11.e4 Nc7 12.Re1 e6 13.e5 dxe5 14.d6 Na6 15.Nxe5 Nd7 16.f4 Rb8
17.Nb5 Qb6 18.Bd2 Nxe5 19.fxe5 Bd7 20.Qa4 Bxe5 21.Rxe5 Bxb5 22.Qxb5 Qxd6
23.Bf4 Qd4+ 24.Kh1 g5 25.Rxg5+ {#r} 1-0

[Event "Ch Czech Republic (juniors) (under 16)"]
[Site "masterchessopen.com Kouty nad Desnou (Czech Republic)"]
[Date "2011.03.19"]
[Round "9"]
[White "Gnida Patrik"]
[Black "Lhotka Jiri"]
[Result "1/2-1/2"]
[WhiteElo "1769"]
[BlackElo "1842"]

1.Nf3 g6 2.g3 Bg7 3.Bg2 Nf6 4.O-O O-O 5.c4 c5 6.Nc3 Nc6 7.d4 d6 8.d5 Na5 9.Nd2
a6 10.Qc2 Rb8 11.b3 b5 12.Bb2 e6 13.e4 bxc4 14.bxc4 exd5 15.cxd5 Re8 {#d}
1/2-1/2

[Event "It (open)"]
[Site "masterchessopen.com Miedzyzdroje (Poland)"]
[Date "2011.05.04"]
[Round "5"]
[White "Bronowicki Mateusz (POL)"]
[Black "Galazewski Tomasz (POL)"]
[Result "1/2-1/2"]
[WhiteElo "2327"]
[BlackElo "2255"]

1.d4 Nf6 2.g3 g6 3.Bg2 Bg7 4.c4 O-O 5.Nc3 d6 6.Nf3 c5 7.O-O Nc6 8.d5 Na5 9.Nd2
Rb8 10.Rb1 a6 {#d} 1/2-1/2

[Event "Ch Nicaragua (open)"]
[Site "masterchessopen.com Managua (Nicaragua)"]
[Date "2011.09.04"]
[Round "8"]
[White "Picado Jorge Luis"]
[Black "Guevara Martin (NCA)"]
[Result "1/2-1/2"]
[WhiteElo "2218"]
[BlackElo "2202"]

1.c4 Nf6 2.Nc3 c5 3.g3 Nc6 4.Bg2 g6 5.Nf3 Bg7 6.O-O O-O 7.d4 d6 8.d5 Na5 9.Qd3
a6 10.b3 Bd7 11.Bb2 Rb8 12.e4 b5 13.Nd2 Ng4 14.Nd1 bxc4 15.Nxc4 Nxc4 16.Bxg7
Nce5 17.Bxe5 Nxe5 18.Qc3 Bb5 19.Re1 {#d} 1/2-1/2

[Event "Ch India"]
[Site "masterchessopen.com Kolkata (India)"]
[Date "2012.10.06"]
[Round "6"]
[White "Gomes Mary Ann (IND)"]
[Black "Praneeth S"]
[Result "1/2-1/2"]
[WhiteElo "2381"]
[BlackElo "2201"]

1.Nf3 Nf6 2.g3 g6 3.Bg2 Bg7 4.O-O O-O 5.c4 d6 6.d4 c5 7.Nc3 Nc6 8.d5 Na5 9.Nd2
a6 10.Qc2 Rb8 11.b3 b5 12.Bb2 bxc4 13.bxc4 Bh6 14.Ncb1 Bd7 15.Bc3 Qc7 16.h3
Bg7 17.Na3 Rb4 18.Qd3 Ra4 19.Nc2 e6 20.dxe6 Bxe6 21.Ne3 Ra3 22.Nb1 Ra4 23.Nd2
Ra3 24.Nb1 Ra4 25.Nd2 Ra3 26.Nb1 Ra4 {#d} 1/2-1/2